000
00287cam a2200121 4500
020
_a
81892054
050
0
0
_a
SF105
_b
.K36 2007
100
1
_a
Kanakaraj P.
245
1
0
_a
Animal Genetics
_c
.
260
_a
India
_b
International Boook Distributing Company
_c
2007
300
_a
513p.
942
_c
GEN
999
_c
1123
_d
1123